00494nam a2200181Ia 4500003000400000008004100004040001600045082001600061100001800077245006600095700001900161260004100180300001100221650000900232650001700241650003100258650002300289GCL140319s9999 xx 000 0 eng d aGCL / cGCL04a720.92bM R1 aMARCH, LIONEL10aR M SCHINDLER: COMPOSITION AND CONSTRUCTION / cMARCH, LIONEL1 aSHEINE, JUDITH a[S.N] : bACADEMY EDITIONS ، c1995 a246 P04aARTS04aCONSTRUCTION04aARCHITECTURE - BIOGRAPHIES04aSCHINDLER, RUDOLPH